WWI Figures by Picture - Statistics

General Stats
  • This quiz has been taken 1,413 times
  • The average score is 6 of 12
Answer Stats
Picture Answer % Correct
Vladimir Lenin
94%
Woodrow Wilson
86%
Nicholas II
78%
Wilhelm II
73%
Franz Ferdinand
62%
Gavrilo Princip
50%
David Lloyd George
44%
Paul von Hindenburg
38%
Philippe Pétain
36%
Georges Clemenceau
24%
Enver Pasha
17%
John Joseph Pershing
14%
No matching quizzes found
Score Distribution
Percent of People with Each Score
Percentile by Number Answered
Your Score History
You have not taken this quiz